| 000 | 00359nam a2200145 a 4500 | ||
|---|---|---|---|
| 001 | 3236 | ||
| 003 | CDMR | ||
| 005 | 20130116135241.0 | ||
| 008 | 130130s1977||||||||||||||||||||||||||||d | ||
| 040 |
_aCDMR _bcat _cCPC GIRONA |
||
| 100 | 1 |
_aNacher, Enrique _92347 |
|
| 245 | 1 | 0 |
_aProceso a la publicidad _cNacher, Enrique |
| 260 |
_c1977 _bPlaza y Janés |
||
| 942 | _cMON | ||
| 999 |
_c3236 _d3236 |
||